<?xml version="1.0" encoding="UTF-8"?>
<record
    xmlns:xsi="http://www.w3.org/2001/XMLSchema-instance"
    xsi:schemaLocation="http://www.loc.gov/MARC21/slim http://www.loc.gov/standards/marcxml/schema/MARC21slim.xsd"
    xmlns="http://www.loc.gov/MARC21/slim">

  <leader>00696nam a22001817a 4500</leader>
  <controlfield tag="003">LK-CoDNM</controlfield>
  <controlfield tag="005">20241226122138.0</controlfield>
  <controlfield tag="008">240905b        |||||||| |||| 00| 0 eng </controlfield>
  <datafield tag="040" ind1=" " ind2=" ">
    <subfield code="a">LK-CoDNM</subfield>
    <subfield code="d">LK-CoDNM</subfield>
    <subfield code="e">LK-CoDNM</subfield>
  </datafield>
  <datafield tag="041" ind1=" " ind2=" ">
    <subfield code="a">sin</subfield>
  </datafield>
  <datafield tag="080" ind1=" " ind2=" ">
    <subfield code="a">RC</subfield>
    <subfield code="b">136</subfield>
  </datafield>
  <datafield tag="245" ind1=" " ind2=" ">
    <subfield code="a">&#xD9A;&#xDAD;&#xDD2;&#xD9A;&#xDCF;&#xDC0;&#xDAD;&#xDCA;  &#xDC3;&#xD9C;&#xDBB;&#xDCF; &#xDC0;&#xDCF;&#xDAF;&#xDBA; &#xDC4;&#xDD9;&#xDC0;&#xDAD;&#xDCA;   &#xDB8;&#xDC4;&#xDAB;&#xD9A;&#xDB8; &#xDC3;&#xDC4; &#xD9A;&#xDD4;&#xDBD; &#xDB7;&#xDDA;&#xDAF;&#xDBA;  </subfield>
  </datafield>
  <datafield tag="260" ind1=" " ind2=" ">
    <subfield code="a">&#xDA2;&#xDBA;&#xDC3;&#xDDA;&#xD9A;&#xDBB; &#xD85;&#xDB6;&#xDDA;&#xDBB;&#xDD4;&#xDC0;&#xDB1;&#xDCA; &#xDC0;&#xDD9;&#xDB1;&#xDD4;&#xDC0;&#xDD9;&#xDB1;&#xDCA; </subfield>
    <subfield code="b">&#xDC3;&#xDD3;&#xDB8;&#xDCF;&#xDC3;&#xDC4;&#xDD2;&#xDAD; &#xD87;&#xDB8;&#xDCA;.&#xDA9;&#xDD3; &#xD9C;&#xDD4;&#xDAB;&#xDC3;&#xDDA;&#xDB1; &#xDC3;&#xDC4; &#xDC3;&#xDB8;&#xDCF;&#xD9C;&#xDB8; </subfield>
    <subfield code="c">1947</subfield>
  </datafield>
  <datafield tag="300" ind1=" " ind2=" ">
    <subfield code="a">92p, ;     20  cm</subfield>
  </datafield>
  <datafield tag="500" ind1=" " ind2=" ">
    <subfield code="a">Hand Wittenbook</subfield>
  </datafield>
  <datafield tag="650" ind1=" " ind2=" ">
    <subfield code="a">&#xDB4;&#xDD4;&#xDBB;&#xDCF;&#xDAD;&#xDAB; &#xD9C;&#xDAF;&#xDCA;&#x200D;&#xDBA;</subfield>
  </datafield>
  <datafield tag="942" ind1=" " ind2=" ">
    <subfield code="c">BK</subfield>
  </datafield>
  <datafield tag="952" ind1=" " ind2=" ">
    <subfield code="0">0</subfield>
    <subfield code="1">0</subfield>
    <subfield code="4">1</subfield>
    <subfield code="7">0</subfield>
    <subfield code="8">RBC</subfield>
    <subfield code="a">MAIN</subfield>
    <subfield code="b">MAIN</subfield>
    <subfield code="c">REF</subfield>
    <subfield code="d">2024-12-26</subfield>
    <subfield code="l">0</subfield>
    <subfield code="o">RC 136</subfield>
    <subfield code="p">RC0126</subfield>
    <subfield code="r">2024-12-26</subfield>
    <subfield code="w">2024-12-26</subfield>
    <subfield code="y">BK</subfield>
  </datafield>
  <datafield tag="999" ind1=" " ind2=" ">
    <subfield code="c">234216</subfield>
    <subfield code="d">234216</subfield>
  </datafield>
</record>
